000
00326nam a2200145Ia 4500
008
230718s9999 xx 000 0 und d
041
_a
Eng.
082
_a
912.7
_b
KIN-G
100
_a
King, Jeff
245
0
_a
George Gharam
260
_a
Pakistan
_b
London and New York
_c
1395
300
_a
378
650
_a
Law
999
_c
26199
_d
26199